000 00923nam a22002417a 4500
005 20240530110525.0
008 160301s2012 ua f 000 0 ara d
017 _a2012/15839
_bمصر . دار الكتب المصرية
020 _a9789775199006
040 _aEG-CaGPL
082 0 4 _221
_a962.02\
_bص ث
100 0 _aصلاح عبدالحميد
245 1 0 _aثورة القاهرة الاولى و الثانية /
_cصلاح عبدالحميد
250 _aط1
260 _aالقاهرة :
_bدار اقلام للنشر و التوزيع ،
_c2012 .
300 _a80 ص ؛
_c24 سم .
490 _aسلسلة ثورات مصرية و عربية
504 _aيشتمل على ارجاعات ببليوجرافية
651 0 4 _aمصر
_xتاريخ
_xالحملة الفرنسية
651 0 4 _aمصر
_xتاريخ
_xالثورات
942 _2ddc
_cBK
999 _c61975
_d61975